Szybkie pisanie do 100 - Statystyki

Ogólne statystyki
  • Ten quiz został rozwiązany 1 679 razy
  • Średni wynik to 69 z 100
Statystyki odpowiedzi
# % Poprawnych
1
100%
2
100%
3
99%
4
99%
6
99%
5
98%
7
98%
8
98%
9
98%
10
96%
11
95%
12
94%
13
93%
14
93%
15
92%
16
91%
17
91%
18
91%
19
91%
22
91%
21
90%
23
90%
20
89%
24
89%
26
89%
25
88%
28
88%
27
87%
29
87%
30
87%
32
86%
34
86%
31
85%
33
85%
35
84%
36
84%
37
83%
38
82%
39
82%
40
82%
41
80%
42
80%
44
80%
45
80%
43
79%
47
78%
46
77%
48
76%
50
76%
49
75%
51
72%
52
72%
55
72%
56
72%
53
71%
54
70%
57
68%
58
66%
60
66%
59
65%
66
63%
61
62%
62
62%
63
60%
65
60%
64
59%
67
58%
70
57%
68
55%
69
55%
71
54%
72
53%
73
53%
77
52%
74
51%
75
50%
76
50%
78
48%
80
46%
81
44%
79
43%
82
41%
83
40%
84
39%
88
39%
85
38%
90
38%
91
37%
99
37%
100
36%
86
36%
89
36%
87
35%
92
35%
93
34%
94
33%
98
33%
95
32%
96
32%
97
32%
Nie znaleziono quizów pasujących do podanych kryteriów
Rozkład punktacji
Procent ludzi z każdym wynikiem
Percentyl według liczby udzielonych odpowiedzi
Twoja historia wyników
Nie rozwiązałeś tego quizu